Models by Car Brand-Coupes - Statistics

General Stats
  • This quiz has been taken 30 times
  • The average score is 11 of 14
Answer Stats
Hint Answer % Correct
M4 BMW
97%
Mustang GT Ford
93%
911 Porsche
93%
Civic Honda
90%
E-Class Mercedes-Benz
90%
Supra Toyota
90%
Veneno Lamborghini
87%
F88 Ferrari
83%
BRZ Subaru
73%
C6 Corvette
67%
CTS-Coupe Cadillac
57%
Artura McLaren
57%
Roadster Tesla
53%
Ronin FISKER
27%
No matching quizzes found
Score Distribution
Percent of People with Each Score
Percentile by Number Answered
Your Score History
You have not taken this quiz